| 000 | 00842nam a22002417a 4500 | ||
|---|---|---|---|
| 005 | 20170124110201.0 | ||
| 010 | _aB-007087 | ||
| 020 |
_c00.00 _a007463688 |
||
| 035 | _aB-007087 | ||
| 037 | _bCen Lib/Ret | ||
| 040 |
_aDPL _bEN |
||
| 082 |
_a005.4469 _bKIN |
||
| 100 |
_aKinnaman, Dave _936066 |
||
| 245 |
_aWindows NT 4. 0 workstation : _cby Dave Kinnaman [and] Lou Ann Ballew _baccelerated MCSE study guide / |
||
| 260 |
_aNew Delhi _bTata McGraw-Hill Publishing _c1999 |
||
| 270 |
_a7 West Patel Nagar _bNew Delhi _e110008 |
||
| 300 |
_ax,339p. : _c21cm(Hb) _bill. |
||
| 500 | _aIncludes index | ||
| 650 |
_aElectronic data processing personnel--Certification _973710 |
||
| 650 |
_aMicrosoft software--Examinations-- Study guides _936068 |
||
| 700 |
_aBallew, Lou Ann _973711 |
||
| 942 |
_2ddc _cEN _h005.4469 _mKIN |
||
| 999 |
_c132895 _d132895 |
||